| 000 | 00490 a2200157 4500 | ||
|---|---|---|---|
| 020 | _a0072899697 | ||
| 040 |
_aDLC _bDLC |
||
| 100 | 1 | _aKraus, John Daniel, | |
| 245 | 1 | 0 |
_aElectromagnetics : with applications _cJohn D. Kraus and Daniel A. Fleisch, Samuel H. Russ. |
| 250 | _a5th ed. | ||
| 260 |
_aNew Delhi : _bTata McGraw-Hill Education Pvt. Ltd., _c1999. |
||
| 300 |
_axix, 617 p. : _bill. |
||
| 650 | 0 | _aElectromagnetic theory. | |
| 700 | 1 | _aFleisch, Daniel A. | |
| 942 |
_cBK _k537 KRA _2ddc |
||
| 999 |
_c10396 _d10396 |
||